| 000 | 00739nam a2200229Ia 4500 | ||
|---|---|---|---|
| 003 | OSt | ||
| 005 | 20220923221001.0 | ||
| 006 | a|||||r|||| 00| 0 | ||
| 007 | ta | ||
| 008 | 220922b |||||||| |||| 00| 0 hin d | ||
| 024 | _a193,297 | ||
| 037 | _cTextual | ||
| 040 |
_aARTS _cARTS _bhin |
||
| 041 |
_2hin _ahin |
||
| 082 | _aV2:25wM56, 152F7.1 | ||
| 100 |
_aकलेकर, नरसिंह चिंतामण _9162081 |
||
| 245 | 0 | _aलो तिलक का चरित्र (पूर्वाघ) | |
| 246 | _aLo0 tilak kā charitra (pūrvāgha) | ||
| 260 | _c1917 | ||
| 942 |
_hV2:25wM56, 152F7.1 _cTEXL _2CC |
||
| 999 |
_c345772 _d345772 |
||